[Event "TUR-ch (Women)"]
[Site "Ankara"]
[Date "2020.03.02"]
[Round "1"]
[White "Bilgin, Esmanur"]
[Black "Sen, Beril Berfin"]
[Result "0-1"]
[WhiteElo "1024"]
[BlackElo "1595"]
[PlyCount "72"]
[EventDate "2020.03.02"]
[EventType "swiss"]
[EventRounds "9"]
[EventCountry "TUR"]
[SourceTitle "CBM 195 Extra"]
[Source "ChessBase"]
[SourceDate "2020.05.31"]
[SourceVersion "1"]
[SourceVersionDate "2020.05.31"]
[SourceQuality "1"]

1. e4 c6 2. d4 d5 3. Nc3 dxe4 4. Nxe4 Nd7 5. Bc4 Ngf6 6. Ng5 e6 7. Qe2 Nb6 8. Bd3 h6 9. N5f3 Be7 10. c3 0-0 11. Ne5 c5 12. Ngf3 Nbd5 13. Be3 Nxe3 14. Qxe3 cxd4 15. Qxd4 Qxd4 16. Nxd4 Rd8 17. Ndf3 Bd6 18. 0-0-0 Nd5 19. g3 f6 20. Nc4 Bc5 21. Rhf1 e5 22. Kc2 Bh3 23. Rfe1 Bxf2 24. Re4 b5 25. Rd2 bxc4 26. Bxc4 Bf5 27. Bxd5+ Rxd5 28. Rxf2 Bxe4+ 29. Kb3 Rb8+ 30. Kc4 Rc8+ 31. Kb4 Bxf3 32. Rxf3 Rd2 33. Kb3 Rb8+ 34. Ka3 Rdxb2 35. h4 R2b6 36. c4 Ra6# 0-1

[Event "TUR-ch (Women)"]
[Site "Antalya"]
[Date "2019.03.06"]
[Round "5"]
[White "Ince, Safiye Oyku"]
[Black "Sen, Beril Berfin"]
[Result "1/2-1/2"]
[WhiteElo "1931"]
[BlackElo "1583"]
[PlyCount "63"]
[EventDate "2019.03.03"]
[EventType "swiss"]
[EventRounds "9"]
[EventCountry "TUR"]
[SourceTitle "CBM 189 Extra"]
[Source "ChessBase"]
[SourceDate "2019.06.03"]
[SourceVersion "1"]
[SourceVersionDate "2019.06.03"]
[SourceQuality "1"]

1. Nf3 d5 2. b3 Nf6 3. Bb2 Bg4 4. g3 Nbd7 5. Bg2 c6 6. 0-0 e6 7. d3 Bd6 8. c4 0-0 9. Na3 Qe7 10. Nc2 e5 11. Ne3 Be6 12. Nh4 g6 13. Qc1 d4 14. Nc2 Nh5 15. e3 Nc5 16. Qd1 dxe3 17. Nxe3 f5 18. d4 exd4 19. Qxd4 Nf6 20. Nf3 Rad8 21. Qh4 Nfe4 22. Qxe7 Bxe7 23. Ba3 Bf6 24. Rad1 Rfe8 25. Bxc5 Nxc5 26. Nc2 Kf7 27. Nfd4 Bc8 28. Bf3 a6 29. Kg2 Ne4 30. Ne2 Nd2 31. Rfe1 Nxf3 32. Kxf3 1/2-1/2

[Event "TUR-ch (Women)"]
[Site "Antalya"]
[Date "2018.03.06"]
[Round "2"]
[White "Sen, Beril Berfin"]
[Black "Gokbulut, Julia"]
[Result "0-1"]
[WhiteElo "1598"]
[BlackElo "2049"]
[PlyCount "85"]
[EventDate "2018.03.05"]
[EventType "swiss"]
[EventRounds "9"]
[EventCountry "TUR"]
[SourceTitle "CBM 183 Extra"]
[Source "ChessBase"]
[SourceDate "2018.04.19"]
[SourceVersion "1"]
[SourceVersionDate "2018.04.19"]
[SourceQuality "1"]

1. d4 Nf6 2. c4 g6 3. Nc3 Bg7 4. e4 d6 5. f3 0-0 6. Be3 a6 7. Qd2 Nc6 8. Nge2 Rb8 9. g4 b5 10. Ng3 e5 11. d5 Nd4 12. Kf2 bxc4 13. Bxc4 c5 14. Be2 Ne8 15. Rag1 Nxe2 16. Ncxe2 f5 17. gxf5 gxf5 18. Bg5 Qb6 19. Nxf5 Bxf5 20. exf5 Rxf5 21. Ng3 Rf7 22. b3 Kh8 23. Nh5 e4 24. Nxg7 Nxg7 25. Bh6 Nf5 26. Qc3+ Nd4 27. f4 Re8 28. Rg3 Qb4 29. Qb2 e3+ 30. Rxe3 Rxe3 31. Kxe3 Re7+ 32. Kf2 Re2+ 33. Qxe2 Nxe2 34. Re1 Kg8 35. Rxe2 Kf7 36. Bg5 Qd4+ 37. Kg3 Qd3+ 38. Kf2 Qxd5 39. h4 Kg6 40. Re7 h6 41. h5+ Kxh5 42. Rh7 Qd1 43. Ke3 0-1

[Event "TUR-ch (Women)"]
[Site "Aksu"]
[Date "2017.03.08"]
[Round "4"]
[White "Sen, Beril Berfin"]
[Black "Sahin, Hayrun Nisa"]
[Result "1/2-1/2"]
[WhiteElo "1584"]
[BlackElo "1667"]
[PlyCount "65"]
[EventDate "2017.03.06"]
[EventType "swiss"]
[EventRounds "9"]
[EventCountry "TUR"]
[SourceTitle "CBM 177 Extra"]
[Source "ChessBase"]
[SourceDate "2017.04.27"]
[SourceVersion "1"]
[SourceVersionDate "2017.04.27"]
[SourceQuality "1"]

1. d4 d5 2. Nf3 Nf6 3. c4 c6 4. Nc3 g6 5. e3 Bg7 6. Bd3 0-0 7. 0-0 Bg4 8. h3 Bxf3 9. Qxf3 e6 10. cxd5 cxd5 11. Bd2 Nc6 12. Rac1 Rc8 13. Qe2 Qe7 14. Na4 Nb4 15. Bb1 a6 16. Nc5 Nc6 17. Rc3 Na7 18. Bd3 Rc6 19. Rfc1 Rfc8 20. Nb3 Bf8 21. Rxc6 Rxc6 22. Rxc6 Nxc6 23. Qd1 Qc7 24. Qc2 Bd6 25. Nc5 Kf8 26. Kf1 Kg8 27. Kg1 Kf8 28. Kf1 Kg8 29. Kg1 Kf8 30. Kf1 Kg7 31. Ke2 h5 32. Be1 Bxc5 33. Qxc5 1/2-1/2

[Event "TUR-ch (Women)"]
[Site "Aksu"]
[Date "2017.03.07"]
[Round "2"]
[White "Sen, Beril Berfin"]
[Black "Duran, Esma Doga"]
[Result "0-1"]
[WhiteElo "1584"]
[BlackElo "1772"]
[PlyCount "106"]
[EventDate "2017.03.06"]
[EventType "swiss"]
[EventRounds "9"]
[EventCountry "TUR"]
[SourceTitle "CBM 177 Extra"]
[Source "ChessBase"]
[SourceDate "2017.04.27"]
[SourceVersion "1"]
[SourceVersionDate "2017.04.27"]
[SourceQuality "1"]

1. d4 d5 2. Nf3 Nf6 3. c4 c6 4. Nc3 e6 5. cxd5 exd5 6. Bg5 Be7 7. e3 Bg4 8. Be2 Nbd7 9. 0-0 0-0 10. Rb1 Ne4 11. Bxe7 Qxe7 12. Nd2 Nxc3 13. bxc3 Bxe2 14. Qxe2 Nf6 15. c4 dxc4 16. Nxc4 Ne4 17. Qc2 Rab8 18. Rfc1 Rfc8 19. Ne5 Nf6 20. Qa4 a6 21. Qa5 Nd5 22. Qc5 Qe6 23. Kf1 f6 24. Nd3 Qe4 25. Qc2 Qf5 26. Kg1 b6 27. Nb4 Qxc2 28. Rxc2 Nxb4 29. Rxb4 b5 30. g3 Kf7 31. Rc5 Ke6 32. Rb3 a5 33. Rbc3 Kd6 34. Kf1 b4 35. Rc1 a4 36. Ke2 Rb6 37. Kd2 Rcb8 38. Ra5 a3 39. Rb1 Rb5 40. Rxb5 Rxb5 41. Kc2 c5 42. Kb3 Kc6 43. Rc1 Kb6 44. Rc4 cxd4 45. Rxd4 Ka5 46. Rd7 Rc5 47. Rd3 Kb5 48. e4 f5 49. Rd5 fxe4 50. Rxc5+ Kxc5 51. h3 g5 52. h4 g4 53. h5 h6 0-1

[Event "TUR-ch (Women)"]
[Site "Aksu"]
[Date "2017.03.06"]
[Round "1"]
[White "Goksu, Beyza"]
[Black "Sen, Beril Berfin"]
[Result "0-1"]
[WhiteElo "1065"]
[BlackElo "1584"]
[PlyCount "70"]
[EventDate "2017.03.06"]
[EventType "swiss"]
[EventRounds "9"]
[EventCountry "TUR"]
[SourceTitle "CBM 177 Extra"]
[Source "ChessBase"]
[SourceDate "2017.04.27"]
[SourceVersion "1"]
[SourceVersionDate "2017.04.27"]
[SourceQuality "1"]

1. c4 c6 2. Nc3 d5 3. e3 Nf6 4. d4 e6 5. Bd3 Nbd7 6. Nf3 Be7 7. b3 0-0 8. 0-0 dxc4 9. bxc4 Bd6 10. Bb2 e5 11. Ne4 Nxe4 12. Bxe4 f5 13. Bc2 e4 14. Nd2 Qh4 15. f4 Nf6 16. h3 Be6 17. Bb3 Bb4 18. c5 Nd5 19. Re1 Rf6 20. Qe2 Rg6 21. Kh1 Rg3 22. Bxd5 Bxd5 23. a3 Ba5 24. Rac1 Rf8 25. Bc3 Bc7 26. a4 Rf6 27. Rf1 Rh6 28. Rf2 g5 29. Nf1 gxf4 30. Nxg3 Qxg3 31. Bd2 fxe3 32. Qg4+ fxg4 33. Kg1 Qxf2+ 34. Kh1 Rxh3+ 35. gxh3 Qh2# 0-1

[Event "TUR-ch (Women)"]
[Site "Cesme"]
[Date "2016.03.11"]
[Round "7"]
[White "Sen, Beril Berfin"]
[Black "Aydin, Gulenay"]
[Result "1-0"]
[WhiteElo "1631"]
[BlackElo "1432"]
[PlyCount "103"]
[EventDate "2016.03.07"]
[EventType "swiss"]
[EventRounds "9"]
[EventCountry "TUR"]
[SourceTitle "CBM 171 Extra"]
[Source "ChessBase"]
[SourceDate "2016.04.26"]
[SourceVersion "1"]
[SourceVersionDate "2016.04.26"]
[SourceQuality "1"]

1. d4 Nf6 2. c4 g6 3. Nc3 Bg7 4. e4 d6 5. f3 0-0 6. Be3 Nbd7 7. Qd2 e5 8. Nge2 Ne8 9. 0-0-0 a6 10. Kb1 c6 11. d5 c5 12. h4 Nef6 13. g4 h5 14. Ng3 hxg4 15. h5 gxf3 16. h6 Bh8 17. h7+ Nxh7 18. Qh2 Ndf6 19. Bg5 Re8 20. Bxf6 Qxf6 21. Qxh7+ Kf8 22. Qxh8+ Qxh8 23. Rxh8+ Ke7 24. Rxe8+ Kxe8 25. Bd3 Bg4 26. Rh1 Ke7 27. Nd1 Rf8 28. Ne3 f5 29. exf5 gxf5 30. Ngxf5+ Bxf5 31. Nxf5+ Kf6 32. Rf1 e4 33. Bxe4 Ke5 34. Bd3 Kf4 35. Nxd6 Ke3 36. Kc2 Rg8 37. Nf5+ Kf4 38. Nh4 Rg3 39. Rxf3+ Rxf3 40. Nxf3 Kxf3 41. d6 b5 42. d7 bxc4 43. Bxc4 a5 44. d8Q a4 45. Qd5+ Kf4 46. Bd3 a3 47. Qf5+ Kg3 48. Be2 axb2 49. Qf3+ Kh2 50. Bf1 b1Q+ 51. Kxb1 c4 52. Qg2# 1-0

[Event "TUR-ch (Women)"]
[Site "Cesme"]
[Date "2016.03.09"]
[Round "5"]
[White "Sen, Beril Berfin"]
[Black "Tokat, Nehir"]
[Result "1-0"]
[WhiteElo "1631"]
[BlackElo "1359"]
[PlyCount "85"]
[EventDate "2016.03.07"]
[EventType "swiss"]
[EventRounds "9"]
[EventCountry "TUR"]
[SourceTitle "CBM 171 Extra"]
[Source "ChessBase"]
[SourceDate "2016.04.26"]
[SourceVersion "1"]
[SourceVersionDate "2016.04.26"]
[SourceQuality "1"]

1. d4 Nf6 2. c4 g6 3. Nc3 d5 4. cxd5 Nxd5 5. e4 Nxc3 6. bxc3 Bg7 7. Be3 0-0 8. Nf3 c5 9. Be2 Nc6 10. Qd2 cxd4 11. cxd4 Bg4 12. Rd1 Rc8 13. 0-0 a6 14. h3 Bd7 15. Bh6 Na7 16. Bxg7 Kxg7 17. d5 Kg8 18. Qh6 f6 19. e5 Rc2 20. Bd3 Rxa2 21. Bxg6 hxg6 22. Qxg6+ Kh8 23. Rd4 Ra4 24. Rfd1 fxe5 25. Qh6+ Kg8 26. Ng5 Rf7 27. Nxf7 Kxf7 28. Qh7+ Kf6 29. Qh4+ Kf7 30. Rxa4 Bxa4 31. Qxa4 Nb5 32. Qg4 Qc7 33. Qe6+ Kf8 34. Re1 a5 35. g4 a4 36. Rxe5 a3 37. Rf5+ Ke8 38. Qg8+ Kd7 39. Qe6+ Ke8 40. Rh5 Qc3 41. Rh7 Qa1+ 42. Kg2 Qf6 43. Qc8# 1-0

[Event "EU-ch U18 Girls 24th"]
[Site "Batumi"]
[Date "2014.10.21"]
[Round "3"]
[White "Shamatava, Ana"]
[Black "Sen, Beril Berfin"]
[Result "1-0"]
[WhiteElo "2015"]
[BlackElo "1619"]
[PlyCount "117"]
[EventDate "2014.10.19"]
[EventType "swiss"]
[EventRounds "9"]
[EventCountry "GEO"]
[SourceTitle "EXT 2015"]
[Source "ChessBase"]
[SourceDate "2014.11.20"]
[SourceVersion "1"]
[SourceVersionDate "2014.11.20"]
[SourceQuality "1"]

1. e4 e5 2. Nf3 Nc6 3. Bb5 a6 4. Ba4 Nf6 5. d3 b5 6. Bb3 Be7 7. 0-0 d6 8. c3 0-0 9. Nbd2 Na5 10. Bc2 c5 11. Re1 Qc7 12. Nf1 Bd7 13. Qe2 Nc6 14. Ng3 Rfb8 15. Nh4 g6 16. Bg5 a5 17. f4 Ne8 18. Bxe7 Nxe7 19. f5 Nf6 20. Rf1 g5 21. Nf3 h6 22. h4 gxh4 23. Nxh4 Kh7 24. Nh5 Neg8 25. Kf2 Rf8 26. Rh1 Nxh5 27. Qxh5 Nf6 28. Qe2 Rg8 29. Rh3 Ng4+ 30. Ke1 Rg7 31. Kd2 Rag8 32. Rah1 Qd8 33. Nf3 a4 34. Kc1 Qf6 35. Qd2 Bc6 36. c4 b4 37. Bd1 Rh8 38. Ne1 Kg8 39. Rh4 h5 40. Rxh5 Rxh5 41. Rxh5 Kf8 42. g3 Bd7 43. Rh4 Bxf5 44. exf5 Qxf5 45. Bxg4 Rxg4 46. Qh6+ Ke7 47. Rxg4 Qxg4 48. Qh4+ Qxh4 49. gxh4 f5 50. Kd2 Kf6 51. Ke3 Kg6 52. Kf3 Kh6 53. Ng2 Kh5 54. Ne3 Kg6 55. h5+ Kf6 56. h6 f4 57. Nf5 Kg6 58. Nxd6 Kxh6 59. Nf7+ 1-0

[Event "EU-ch U16 Girls"]
[Site "Prague"]
[Date "2012.08.22"]
[Round "6"]
[White "Tomin, Ksenija"]
[Black "Sen, Beril Berfin"]
[Result "1-0"]
[WhiteElo "1954"]
[BlackElo "1586"]
[PlyCount "139"]
[EventDate "2012.08.17"]
[EventType "swiss"]
[EventRounds "9"]
[EventCountry "CZE"]
[SourceTitle "CBM 150 Extra"]
[Source "ChessBase"]
[SourceDate "2012.10.19"]
[SourceVersion "1"]
[SourceVersionDate "2012.10.19"]
[SourceQuality "1"]

1. e4 e5 2. Nf3 Nc6 3. Bc4 Bc5 4. d3 Nf6 5. c3 d6 6. Bb3 a6 7. Nbd2 0-0 8. 0-0 Ba7 9. h3 Bd7 10. Re1 h6 11. Nf1 Ne7 12. d4 exd4 13. cxd4 d5 14. e5 Ne8 15. Ng3 Be6 16. Bc2 Qd7 17. Qd3 f5 18. exf6 Nxf6 19. Bf4 Ne4 20. Nxe4 Rxf4 21. Ng3 Bf5 22. Qd2 Rxf3 23. gxf3 Bxc2 24. Qxc2 Nc6 25. Qf5 Qxf5 26. Nxf5 Kf7 27. Rad1 Kf6 28. Ne3 Nxd4 29. Nxd5+ Kg6 30. Kg2 c6 31. Nf4+ Kf7 32. Re4 Rd8 33. Rd3 g5 34. Ne2 c5 35. b4 Nc6 36. Rxd8 Nxd8 37. bxc5 Bxc5 38. f4 Ne6 39. fxg5 Nxg5 40. Rh4 Kg6 41. Ng3 b5 42. Rg4 Kf7 43. f4 Ne6 44. Kf3 Be7 45. Ke4 a5 46. Nf5 Bf8 47. Rg1 a4 48. Ne3 b4 49. Rb1 Bd6 50. f5 Ng5+ 51. Kd5 Bf8 52. Nc2 b3 53. axb3 axb3 54. Rxb3 Kf6 55. Nd4 Be7 56. Rb6+ Kg7 57. Ne6+ Kf7 58. Nf4 Bf8 59. h4 Nf3 60. Ng6 Bg7 61. Ke4 Nd4 62. Rb7+ Kg8 63. Rxg7+ Kxg7 64. Kxd4 Kf6 65. Ke4 Kg7 66. Ke5 Kf7 67. Nf4 Ke7 68. f6+ Kf7 69. Kf5 Kf8 70. Kg6 1-0

[Event "EU-ch U16 Girls"]
[Site "Prague"]
[Date "2012.08.19"]
[Round "3"]
[White "Sen, Beril Berfin"]
[Black "Gueci, Laura"]
[Result "1-0"]
[WhiteElo "1586"]
[BlackElo "1819"]
[PlyCount "115"]
[EventDate "2012.08.17"]
[EventType "swiss"]
[EventRounds "9"]
[EventCountry "CZE"]
[SourceTitle "CBM 150 Extra"]
[Source "ChessBase"]
[SourceDate "2012.10.19"]
[SourceVersion "1"]
[SourceVersionDate "2012.10.19"]
[SourceQuality "1"]

1. d4 d5 2. c4 c6 3. Nf3 Nf6 4. Nc3 e6 5. e3 Nbd7 6. b3 Bd6 7. Bd3 0-0 8. 0-0 Qc7 9. Bb2 dxc4 10. bxc4 e5 11. Qc2 Re8 12. Rac1 exd4 13. exd4 Nf8 14. h3 Ng6 15. Rfe1 Bd7 16. Ne4 Nxe4 17. Bxe4 Bf4 18. Rcd1 Qa5 19. Bc1 Bxc1 20. Rxc1 Qh5 21. Bxg6 hxg6 22. Ne5 Bf5 23. Qb3 Re7 24. g4 Qh4 25. gxf5 gxf5 26. Qg3 Qxd4 27. Qd3 Qc5 28. Qe3 Qd6 29. Rcd1 Qc7 30. Qg3 f4 31. Qc3 Rae8 32. Nf3 Re6 33. Rxe6 Rxe6 34. Re1 Rg6+ 35. Kh2 Qb6 36. Re8+ Kh7 37. Qd4 Qb1 38. Qxf4 f6 39. Qh4+ Rh6 40. Qe4+ Qxe4 41. Rxe4 b5 42. cxb5 cxb5 43. Rh4 Rxh4 44. Nxh4 a5 45. Nf5 b4 46. Nd4 a4 47. Kg3 Kg6 48. Kf4 f5 49. h4 Kh5 50. Kxf5 Kxh4 51. Kf4 g5+ 52. Kf5 g4 53. Kf4 Kh3 54. Ke3 Kg2 55. Ke2 g3 56. fxg3 Kxg3 57. Kd3 b3 58. Nxb3 1-0

[Event "TUR-ch (Women)"]
[Site "Kemer"]
[Date "2012.02.03"]
[Round "9"]
[White "Hereklioglu, Sude"]
[Black "Sen, Beril Berfin"]
[Result "1/2-1/2"]
[WhiteElo "1637"]
[BlackElo "1598"]
[PlyCount "49"]
[EventDate "2012.01.29"]
[EventType "swiss"]
[EventRounds "9"]
[EventCountry "TUR"]
[SourceTitle "CBM 146 Extra"]
[Source "ChessBase"]
[SourceDate "2012.02.29"]
[SourceVersion "1"]
[SourceVersionDate "2012.02.29"]
[SourceQuality "1"]

1. e4 e5 2. Nf3 Nc6 3. d4 exd4 4. Bc4 Bb4+ 5. Bd2 Qe7 6. 0-0 Bxd2 7. Nbxd2 d6 8. h3 Nf6 9. Bd5 0-0 10. Re1 Bd7 11. Nb3 Rfe8 12. Nbxd4 Nxd4 13. Qxd4 c6 14. Bb3 Be6 15. Bxe6 Qxe6 16. c3 c5 17. Qd1 Nxe4 18. Nd2 Qg6 19. Nxe4 Rxe4 20. Rxe4 Qxe4 21. Qxd6 b6 22. Rd1 h6 23. Qd5 Re8 24. Qxe4 Rxe4 25. Kf1 1/2-1/2

[Event "TUR-ch (Women)"]
[Site "Kemer"]
[Date "2012.01.31"]
[Round "4"]
[White "Yanik, Emine"]
[Black "Sen, Beril Berfin"]
[Result "1-0"]
[WhiteElo "1972"]
[BlackElo "1598"]
[PlyCount "43"]
[EventDate "2012.01.29"]
[EventType "swiss"]
[EventRounds "9"]
[EventCountry "TUR"]
[SourceTitle "CBM 146 Extra"]
[Source "ChessBase"]
[SourceDate "2012.02.29"]
[SourceVersion "1"]
[SourceVersionDate "2012.02.29"]
[SourceQuality "1"]

1. d4 Nf6 2. Nf3 g6 3. c4 Bg7 4. Nc3 0-0 5. e3 d6 6. Bd3 Nbd7 7. Qc2 e5 8. Bd2 Ne8 9. h4 f5 10. c5 dxc5 11. Bc4+ Kh8 12. Ne2 cxd4 13. exd4 Nd6 14. h5 Ne4 15. hxg6 h6 16. Bxh6 Bxh6 17. Rxh6+ Kg7 18. Rh2 Qf6 19. dxe5 Nxe5 20. Nf4 Nxf3+ 21. gxf3 Ng5 22. Nh5+ 1-0